00862nam a22002297a 4500003000500000005001700005008004100022010001100063011001100074035001100085040000900096100003200105245018600137260004000323502006900363650002400432650002700456650002600483650003300509650002600542856006400568CHAP20220329143718.0110325s2011 mx r 00010 spa d a100744 a101716 a112404 cCHAP1 aRobles Villanueva, Fernando10aInventario y caracterización dasonómica de los árboles urbanos del Instituto Mexicano de Tecnología del agua Jiutepec, Morelosh[En línea]c/por Fernando Robles Villanueva aChapingo, Méx. :bEl autor,c2011 aTesis (Ing. Forestal) -- UACH. División de Ciencias Forestales14aÁrbolesxMorelos.14aÁrbolesxVariedades.14aArboricultura urbana.14aÁreas protegidasxMorelos.14aBosquesxInventarios. 3Finding aiduhttp://10.13.5.2/tesis/112404.pdfzTeclea aqui